Normal view
MARC view
- Hoelscher, Randolph Philip
Entry Personal Name
001 - CONTROL NUMBER
- control field: 40424
003 - CONTROL NUMBER IDENTIFIER
- control field: NUST
005 - DATE AND TIME OF LATEST TRANSACTION
- control field: 20210314131748.0
008 - FIXED-LENGTH DATA ELEMENTS
- fixed length control field: 210314|| aca||aabn | a|a d
040 ## - CATALOGING SOURCE
- Original cataloging agency: NUST
- Transcribing agency: NUST
100 ## - HEADING--PERSONAL NAME
- Personal name: Hoelscher, Randolph Philip
670 ## - SOURCE DATA FOUND
- Source citation: Work cat.: (NUST): Hoelscher, Randolph Philip, The teaching of mechanical drawing, 1929
